|
|
|
|
| LEADER |
00000cam a2200000 7i4500 |
| 001 |
0000072432 |
| 005 |
20220105104249.0 |
| 008 |
170513 |
| 020 |
|
|
|a 9789673643691
|
| 020 |
|
|
|a 9789673643813(set)
|
| 090 |
0 |
0 |
|a JP
|b ANM MAL
|
| 100 |
1 |
|
|a Shamsul Muzaffar
|
| 245 |
1 |
0 |
|a Sang Kancil dan Anjing Pemburu
|c Shamsul Muzaffar
|
| 260 |
|
|
|a KL :
|b Edukid Pub. Sdn Bhd ,
|c 2017
|
| 490 |
1 |
|
|a Siri cerita teladan hutan
|
| 500 |
|
|
|a Children age 4-6 years old (yellow)
|
| 650 |
|
0 |
|a Animals
|x Fiction
|
| 650 |
|
0 |
|a Teladan dongeng
|
| 999 |
|
|
|a 0001453064
|b Book
|c Children Collection
|e Cawangan Mersing
|
| 999 |
|
|
|a 0001453065
|b Book
|c Children Collection
|e Cawangan Bandar Penawar
|
| 999 |
|
|
|a 0001453066
|b Book
|c Children Collection
|e Cawangan Tangkak
|
| 999 |
|
|
|a 0001453067
|b Book
|c Children Collection
|e Cawangan Tmn. Ungku Tun Aminah
|
| 999 |
|
|
|a 0001453068
|b Book
|c Children Collection
|e Cawangan Muar
|
| 999 |
|
|
|a 0001453069
|b Book
|c Children Collection
|e Cawangan Taman Sri Lambak
|
| 999 |
|
|
|a 0001453070
|b Book
|c Children Collection
|e Cawangan Segamat
|
| 999 |
|
|
|a 0001453071
|b Book
|c Children Collection
|e Cawangan Pontian
|
| 999 |
|
|
|a 0001453072
|b Book
|c Children Collection
|e Cawangan Kota Tinggi
|
| 999 |
|
|
|a 0001453073
|b Book
|c Children Collection
|e Cawangan Bukit Gambir
|
| 999 |
|
|
|a 0001453074
|b Book
|c Children Collection
|e Cawangan Sri Merlong
|
| 999 |
|
|
|a 0001453075
|b Book
|c Children Collection
|e Cawangan Bandar Tenggara
|
| 999 |
|
|
|a 0001453076
|b Book
|c Children Collection
|e Cawangan Batu Pahat
|
| 999 |
|
|
|a 0001453077
|b Book
|c Children Collection
|e Cawangan Taman Universiti
|
| 999 |
|
|
|a 0001453078
|b Book
|c Children Collection
|e Cawangan Taman Universiti
|
| 999 |
|
|
|a 0001453079
|b Book
|c Children Collection
|e Cawangan Taman Universiti
|
| 999 |
|
|
|a 0001453080
|b Book
|c Children Collection
|e Cawangan Taman Universiti
|
| 999 |
|
|
|a 0001453105
|b Book
|c Children Collection
|e Cawangan Sri Merlong
|
| 999 |
|
|
|a 0001453766
|b Book
|c Children Collection
|e Perbadanan Perpustakaan Awam Johor
|
| 999 |
|
|
|a 0001453767
|b Book
|c Children Collection
|e Perbadanan Perpustakaan Awam Johor
|
| 999 |
|
|
|a 0001453768
|b Book
|c Children Collection
|e Cawangan Urban Transformation Centre
|
| 999 |
|
|
|a 0001453769
|b Book
|c Children Collection
|e Cawangan AEON Kulaijaya
|